000 01035 a2200229 4500
001 57696
005 20260407155836.0
008 260407a1992 arg spa d
003 AR-UNSa-BCEJYS
040 _aAR-UNSa-BCEJYS
_bspa
_cAR-UNSa-BCEJYS
080 _a338.23:336.74
_xPolítica monetaria
245 1 0 _aFuegos de artificio
_plas zonas erróneas del plan de convertibilidad
020 _a950-742-194-7
250 _a2a. ed.
264 1 _aBuenos Aires :
_bPlaneta
_c1992
300 _a194 p.
_c23 cm.
505 _a1. Radiografía de la convertibilidad – 2. La anhelada deflación – 3. Reagan y Thatcher – 4. La crisis bancaria y financiera – 5. ¿Reactivación sin inversión? – 6. El bosque musical – 7. Cada cual atiende su juego – 8. Privatizaciones amargas – 9. La desregulación: una devaluación encubierta – 10. Salarios, ocupación cuentapropismo – 11. Complejidades del sector externo
041 _aspa
942 _cBK
590 _aniveau_biblio:m niveau_hierar:0
100 1 _aMuchnik, Daniel
999 _c6223
_d6223